MARC

LEADER 00000nam0a2200000 4500
001 336781
005 20231102004904.0
035 |a (RuTPU)RU\TPU\book\363233 
090 |a 336781 
100 |a 20171024d1964 k y0rusy50 ca 
101 0 |a rus 
102 |a RU 
105 |a y d 000zy 
200 1 |a Новые конструкции и технологические процессы изготовления кабельных изделий  |f Государственный комитет по электротехнике при Госплане СССР ; Всесоюзный научно-исследовательский проектно-конструкторский и технологический институт кабельной промышленности 
210 |a Москва  |a Ленинград  |c Энергия  |d 1964 
215 |a 40 с. 
225 1 |a Реферативная информация по зарубежной кабельной технике  |v № 6-7 (92-93) 
606 1 |a Кабельные изделия  |x Производство  |2 stltpush  |3 (RuTPU)RU\TPU\subj\13415  |9 40026 
610 1 |a технология 
610 1 |a изготовление 
610 1 |a новые конструкции 
610 1 |a фторорганические соединения 
610 1 |a полиэтиленовая изоляция 
610 1 |a сшивание 
610 1 |a коаксиальные кабели 
610 1 |a симметричные кабели 
610 1 |a жилы 
610 1 |a скрутка 
610 1 |a изоляция 
610 1 |a реферативный обзор 
675 |a 621.315.2.002  |v 4 
712 0 2 |a Государственный комитет по электротехнике при Госплане СССР  |2 stltpush  |3 (RuTPU)RU\TPU\col\13602  |9 25715 
712 0 2 |a Всесоюзный научно-исследовательский проектно-конструкторский и технологический институт кабельной промышленности  |2 stltpush  |3 (RuTPU)RU\TPU\col\3382  |9 23823 
801 1 |a RU  |b 63413507  |c 20171024 
801 2 |a RU  |b 63413507  |c 20230220  |g RCR 
942 |c BK